000 00214nam a2200097Ia 4500
008 240331s9999 xx 000 0 und d
082 _a301
_bLIN
100 _aLindesmith,A.R
245 0 _aSocial psychology
942 _cL
999 _c1020
_d1020